00582nam a2200145 i 450000100060000000300090000600500170001500700030003200800410003510000390007624501380011526000310025350001180028485200340040281121ES-MaACL20230906174356.0t|041103q1952 sp ||||1| spa d1 aHoyos Sáinz, Luis de,d1868-195110aComentario del libro "Genetics and the races of man. An introduction to the modern physical antropology" / cpor L. de Hoyos Sáinz. aMadrid : b[s.n., c1952?] aEs separata de: Boletín de la Real Sociedad Española de Historia Natural. T. L, nº 1, 1952, (pág. 147-151) aES-MaACLj1973-F-10 bR.37253